Exportación Completada — 

Physical oceanography: T1

Kaydedildi:
Detaylı Bibliyografya
Yazar: Albert Defant
Materyal Türü: Kitap
Dil:Undetermined
Baskı/Yayın Bilgisi: New York Pergamon 1961
Konular:
Etiketler: Etiketle
Etiket eklenmemiş, İlk siz ekleyin!
Thư viện lưu trữ: Trung tâm Học liệu Trường Đại học Cần Thơ
LEADER 00484nam a2200181Ia 4500
001 CTU_19310
008 210402s9999 xx 000 0 und d
082 |a 551.46 
082 |b D313/T1 
100 |a Albert Defant 
245 0 |a Physical oceanography: T1 
245 0 |c Albert Defant 
260 |a New York 
260 |b Pergamon 
260 |c 1961 
650 |a oceanography 
904 |i Nguyễn Quang Điền, 960601 
980 |a Trung tâm Học liệu Trường Đại học Cần Thơ